|
|
|
|
| LEADER |
00000cam a2200000 7i4500 |
| 001 |
0000005202 |
| 002 |
000005623 |
| 005 |
20000330.0 |
| 020 |
|
|
|a 1561580147
|
| 090 |
0 |
0 |
|a 728.37309730904
|b CRA
|
| 245 |
0 |
0 |
|a CraftSman-Style house
|
| 260 |
|
|
|a Newtoron,CT :
|b Taunton Press ,
|c 1992
|
| 300 |
|
|
|a 160p. :
|b illust ;
|c 30cm.
|
| 490 |
0 |
|
|a Fine homebuilding-great houses
|
| 500 |
|
|
|a Collection of article from the first ten years of fine home building
|
| 650 |
0 |
0 |
|a Architecture, Domestic
|z United States
|
| 650 |
0 |
0 |
|a Architecture, Modern
|y 20th century
|z United States
|
| 650 |
0 |
0 |
|a Small houses
|z United States
|
| 999 |
|
|
|a 030882
|b BUKU
|c PINJAMAN
|e PERPUSTAKAAN KOMUNITI PETALING JAYA
|